[Event "Philadelphia int op 13th"]
[Site "Philadelphia"]
[Date "2019.07.01"]
[Round "8"]
[White "Harriott, Tyrell"]
[Black "De Fotis, Gary"]
[Result "1-0"]
[WhiteElo "2003"]
[BlackElo "1956"]
[PlyCount "73"]
[EventDate "2019.06.27"]
[EventType "swiss"]
[EventRounds "9"]
[EventCountry "USA"]
[SourceTitle "EXT 2020"]
[Source "ChessBase"]
[SourceDate "2019.10.17"]
[SourceVersion "1"]
[SourceVersionDate "2019.10.17"]
[SourceQuality "1"]

1. d4 Nf6 2. e3 e6 3. Bd3 b6 4. f4 Bb7 5. Nf3 c5 6. 0-0 Be7 7. Nbd2 cxd4 8. exd4 Qc7 9. Ne5 d6 10. Nef3 Nbd7 11. c3 0-0 12. Qe2 Rfe8 13. Re1 Bf8 14. Nf1 a6 15. Bd2 g6 16. Qf2 Bg7 17. Qh4 e5 18. Be2 e4 19. Ng5 Nf8 20. Ne3 Nd5 21. Bc4 Nxe3 22. Bxf7+ Qxf7 23. Nxf7 Nf5 24. Qh3 Kxf7 25. g4 Ne7 26. f5 Kg8 27. Bh6 d5 28. Rf1 Nd7 29. Qh4 Bxh6 30. f6 Nxf6 31. Qxf6 b5 32. Qe6+ Kh8 33. Rf7 Bf8 34. Raf1 Rad8 35. Rxf8+ Rxf8 36. Rxf8+ Rxf8 37. Qxe7 1-0

[Event "Eastern op 44th"]
[Site "Tysons"]
[Date "2017.12.27"]
[Round "1"]
[White "De Fotis, Gary"]
[Black "Samuelson, Andrew"]
[Result "1-0"]
[WhiteElo "1957"]
[BlackElo "2184"]
[PlyCount "120"]
[EventDate "2017.12.27"]
[EventType "swiss"]
[EventRounds "7"]
[EventCountry "USA"]
[SourceTitle "CBM 182 Extra"]
[Source "ChessBase"]
[SourceDate "2018.02.23"]
[SourceVersion "1"]
[SourceVersionDate "2018.02.23"]
[SourceQuality "1"]

1. d4 Nf6 2. c4 c5 3. Nf3 cxd4 4. Nxd4 e5 5. Nb5 d5 6. cxd5 Bc5 7. N5c3 0-0 8. e3 e4 9. Be2 Qe7 10. a3 Rd8 11. b4 Bd6 12. Bb2 a6 13. Nd2 b5 14. Nb3 Nbd7 15. Nd4 Ne5 16. Qc2 Bb7 17. Nf5 Qc7 18. Nxd6 Rxd6 19. Rc1 Rc8 20. Qb1 Qe7 21. 0-0 Nc4 22. Bxc4 Rxc4 23. Ne2 Bxd5 24. Ng3 Rdc6 25. Rfd1 Rxc1 26. Rxc1 Qc7 27. Rxc6 Qxc6 28. Qc1 Qxc1+ 29. Bxc1 g6 30. Bb2 Ne8 31. Be5 f6 32. Bb8 Kf7 33. Kf1 Ke6 34. Ke1 f5 35. Ne2 Bc4 36. Nf4+ Kf6 37. h4 h6 38. Ne2 Bxe2 39. Kxe2 g5 40. hxg5+ hxg5 41. f3 Ke6 42. fxe4 fxe4 43. Kd2 Kd5 44. Kc3 Nf6 45. Bc7 Ng4 46. Bb6 Ne5 47. Bd8 g4 48. Bg5 Nc4 49. Kb3 Ne5 50. Kc3 Nc4 51. Kb3 Nd6 52. Kc3 Nf5 53. Kb3 Ke6 54. a4 Kf7 55. axb5 axb5 56. Kc3 Kg6 57. Bf4 g3 58. Kd2 Kh5 59. Ke2 Kg4 60. Bb8 Ne7 1-0

[Event "Philadelphia op 11th"]
[Site "Philadelphia"]
[Date "2017.04.13"]
[Round "2"]
[White "De Fotis, Gary"]
[Black "Li, Ben"]
[Result "0-1"]
[WhiteElo "1934"]
[BlackElo "2230"]
[PlyCount "40"]
[EventDate "2017.04.12"]
[EventType "swiss"]
[EventRounds "9"]
[EventCountry "USA"]
[SourceTitle "CBM 177 Extra"]
[Source "ChessBase"]
[SourceDate "2017.04.27"]
[SourceVersion "1"]
[SourceVersionDate "2017.04.27"]
[SourceQuality "1"]

1. d4 d5 2. c4 c6 3. Nf3 Nf6 4. Nc3 e6 5. e3 Nbd7 6. Bd3 dxc4 7. Bxc4 b5 8. Bd3 Bd6 9. Ne4 Nxe4 10. Bxe4 Bb7 11. 0-0 0-0 12. Bd2 Qe7 13. Rc1 Rac8 14. Qb3 a6 15. a4 f5 16. Bd3 c5 17. axb5 Bxf3 18. gxf3 Bxh2+ 19. Kxh2 Qh4+ 20. Kg2 Qg5+ 0-1

[Event "Philadelphia op 11th"]
[Site "Philadelphia"]
[Date "2017.04.12"]
[Round "1"]
[White "Sinha, Sahil"]
[Black "De Fotis, Gary"]
[Result "1/2-1/2"]
[WhiteElo "2288"]
[BlackElo "1934"]
[PlyCount "126"]
[EventDate "2017.04.12"]
[EventType "swiss"]
[EventRounds "9"]
[EventCountry "USA"]
[SourceTitle "CBM 177 Extra"]
[Source "ChessBase"]
[SourceDate "2017.04.27"]
[SourceVersion "1"]
[SourceVersionDate "2017.04.27"]
[SourceQuality "1"]

1. d4 Nf6 2. c4 e6 3. Nc3 Bb4 4. Qc2 0-0 5. Nf3 c5 6. dxc5 Na6 7. g3 Nxc5 8. Bg2 d5 9. 0-0 dxc4 10. Ne5 Qe7 11. Nxc4 e5 12. Bg5 Bxc3 13. Qxc3 Re8 14. Rfd1 Bg4 15. Nd6 b6 16. Nxe8 Rxe8 17. Qd2 h6 18. Bxf6 Qxf6 19. h3 Bf5 20. Qe3 e4 21. Rd2 a5 22. Rad1 Re6 23. Rd5 Bg6 24. Qd4 Qe7 25. Rd6 e3 26. f4 Bc2 27. Rd8+ Kh7 28. Rc1 Be4 29. Bxe4+ Nxe4 30. Rd7 Qe8 31. Rcc7 Nxg3 32. Qd3+ Rg6 33. Rxf7 Qe4 34. Qxe4 Nxe4+ 35. Kh2 Nd2 36. Rc1 Kg8 37. Re7 Rf6 38. Rxe3 Rxf4 39. Kg2 Nc4 40. Rb3 g5 41. Rc2 Re4 42. Kf2 Kf7 43. Rbc3 Ne5 44. Re3 Rf4+ 45. Kg3 Kf6 46. Rc8 Rb4 47. Rb3 Rxb3+ 48. axb3 h5 49. h4 gxh4+ 50. Kxh4 Ke6 51. Rb8 Nd7 52. Rb7 Kd6 53. Kxh5 Kc6 54. Rxd7 Kxd7 55. Kg6 Ke6 56. Kg7 Ke5 57. Kf7 Ke4 58. Ke6 Ke3 59. Kd5 Kxe2 60. Kc4 Kd2 61. b4 Kc2 62. b3 axb4 63. Kxb4 b5 1/2-1/2

[Event "Eastern op 43rd"]
[Site "Bethesda"]
[Date "2016.12.27"]
[Round "1"]
[White "Sinha, Sahil"]
[Black "De Fotis, Gary"]
[Result "1-0"]
[WhiteElo "2277"]
[BlackElo "1977"]
[PlyCount "99"]
[EventDate "2016.12.27"]
[EventType "swiss"]
[EventRounds "7"]
[EventCountry "USA"]
[SourceTitle "CBM 176 Extra"]
[Source "ChessBase"]
[SourceDate "2017.03.02"]
[SourceVersion "1"]
[SourceVersionDate "2017.03.02"]
[SourceQuality "1"]

1. d4 Nf6 2. c4 e6 3. Nc3 Bb4 4. Qc2 0-0 5. Nf3 c5 6. dxc5 Nc6 7. a3 Bxc5 8. Bg5 h6 9. Bh4 Be7 10. e3 d5 11. Rd1 Qa5 12. Nd2 d4 13. Nb3 Qh5 14. Bxf6 Bxf6 15. Nxd4 Bxd4 16. exd4 e5 17. d5 Nd4 18. Qd2 Bg4 19. Be2 Rac8 20. f3 Bf5 21. 0-0 Rfe8 22. Bd3 Qg6 23. Bxf5 Qxf5 24. Ne4 Red8 25. Qd3 g5 26. Rfe1 Qg6 27. Kh1 Kg7 28. b3 Rd7 29. b4 b6 30. Rc1 Rdd8 31. Qd1 Rd7 32. Ng3 f6 33. Ne2 Nf5 34. Qb3 Rcd8 35. Red1 Qf7 36. Qd3 Qg6 37. Qe4 Ne7 38. Nc3 Qf7 39. Rd3 Qg8 40. Rcd1 Rc8 41. Na4 Rcd8 42. d6 Nc8 43. c5 Qe6 44. Nc3 bxc5 45. bxc5 f5 46. Qe3 Re8 47. Rd5 Kf6 48. R5d2 a5 49. Nd5+ Kg7 50. Nc7 1-0

[Event "Washington Congress 3rd"]
[Site "Arlington"]
[Date "2016.10.09"]
[Round "7"]
[White "Guo, Arthur"]
[Black "De Fotis, Gary"]
[Result "1-0"]
[WhiteElo "2168"]
[BlackElo "1959"]
[PlyCount "63"]
[EventDate "2016.10.05"]
[EventType "swiss"]
[EventRounds "9"]
[EventCountry "USA"]
[SourceTitle "EXT 2018"]
[Source "ChessBase"]
[SourceDate "2017.10.13"]
[SourceVersion "1"]
[SourceVersionDate "2017.10.13"]
[SourceQuality "1"]

1. e4 c5 2. Ne2 d6 3. g3 Nc6 4. Bg2 g6 5. c3 Bg7 6. d4 cxd4 7. cxd4 Nf6 8. 0-0 0-0 9. Nbc3 Bd7 10. h3 Rc8 11. Be3 a6 12. Qd2 b5 13. Rac1 Qa5 14. b3 Rfd8 15. Rfd1 Qb4 16. d5 Nb8 17. Bb6 Rf8 18. Qe3 a5 19. Nb1 a4 20. Rd4 Ng4 21. Rxb4 Nxe3 22. Rxc8 Rxc8 23. Bxe3 Na6 24. Rd4 Bxd4 25. Nxd4 axb3 26. axb3 Nc5 27. Nd2 e5 28. dxe6 Nxe6 29. N2f3 Nc5 30. e5 dxe5 31. Nxe5 Be8 32. Ndc6 1-0

[Event "Washington op"]
[Site "Washington DC "]
[Date "2015.10.09"]
[Round "4"]
[White "De Fotis, Gary"]
[Black "Macaspac, Arthur"]
[Result "1/2-1/2"]
[WhiteElo "1998"]
[BlackElo "2083"]
[PlyCount "41"]
[EventDate "2015.10.07"]
[EventType "swiss"]
[EventRounds "9"]
[EventCountry "USA"]
[SourceTitle "CBM 168 Extra"]
[Source "ChessBase"]
[SourceDate "2015.10.29"]
[SourceVersion "1"]
[SourceVersionDate "2015.10.29"]
[SourceQuality "1"]

1. d4 d5 2. c4 c6 3. Nf3 Nf6 4. Nc3 e6 5. e3 Nbd7 6. Bd3 dxc4 7. Bxc4 b5 8. Bd3 b4 9. Ne4 Nxe4 10. Bxe4 Bb7 11. 0-0 Bd6 12. Bd2 f5 13. Bd3 Qe7 14. Rc1 c5 15. dxc5 Bxc5 16. Bb5 Bd6 17. Qa4 Bxf3 18. gxf3 Bxh2+ 19. Kxh2 Qh4+ 20. Kg2 Qg5+ 21. Kh3 1/2-1/2

[Event "Arlington DC op 2nd"]
[Site "Arlington"]
[Date "2014.06.29"]
[Round "7"]
[White "Leon Magallanes, Isaac David"]
[Black "De Fotis, Gary"]
[Result "1/2-1/2"]
[WhiteElo "2127"]
[BlackElo "1980"]
[PlyCount "100"]
[EventDate "2014.06.26"]
[EventType "swiss"]
[EventRounds "9"]
[EventCountry "USA"]
[SourceTitle "CBM 161 Extra"]
[Source "ChessBase"]
[SourceDate "2014.08.29"]
[SourceVersion "1"]
[SourceVersionDate "2014.08.29"]
[SourceQuality "1"]

1. d4 Nf6 2. c4 e6 3. Nc3 Bb4 4. e3 b6 5. Nge2 Ba6 6. a3 Bxc3+ 7. Nxc3 d5 8. Qf3 0-0 9. Be2 Qd7 10. cxd5 Bxe2 11. Nxe2 exd5 12. 0-0 Nc6 13. Bd2 Ne4 14. Rfd1 Nxd2 15. Rxd2 Na5 16. Rc2 Rac8 17. Nf4 c6 18. Nd3 f6 19. h3 Rfe8 20. Re1 Re7 21. Nb4 Qe6 22. Rec1 Rd7 23. Nd3 Rd6 24. Qg4 Qxg4 25. hxg4 Re8 26. Nb4 Ree6 27. a4 Kf7 28. g3 Ke7 29. Kg2 Kd7 30. Nd3 Re8 31. g5 fxg5 32. Ne5+ Kc7 33. b4 Nc4 34. Nxc4 dxc4 35. Rxc4 Kd7 36. b5 Rc8 37. e4 h5 38. e5 Rh6 39. bxc6+ Rcxc6 40. e6+ Rcxe6 41. Rc7+ Kd6 42. Rxg7 Re4 43. Rcc7 Rxd4 44. Rcd7+ Kc5 45. Rxg5+ Kc4 46. Rxa7 h4 47. gxh4 Rdxh4 48. Rf7 Kb3 49. Rb5+ Kxa4 50. Rb1 Rb4 1/2-1/2

[Event "Continental Class-ch"]
[Site "Arlington"]
[Date "2011.10.08"]
[Round "5"]
[White "De Fotis, Gary"]
[Black "Betaneli, Aleksandr"]
[Result "1/2-1/2"]
[WhiteElo "2021"]
[BlackElo "2270"]
[PlyCount "47"]
[EventDate "2011.10.06"]
[EventType "swiss"]
[EventRounds "9"]
[EventCountry "USA"]
[SourceTitle "CBM 144 Extra"]
[Source "ChessBase"]
[SourceDate "2011.10.28"]
[SourceVersion "1"]
[SourceVersionDate "2011.10.28"]
[SourceQuality "1"]

1. d4 d5 2. c4 e6 3. Nc3 Be7 4. cxd5 exd5 5. Bf4 Nf6 6. e3 0-0 7. Bd3 c5 8. Nf3 Nc6 9. h3 Qb6 10. Qd2 cxd4 11. exd4 Bb4 12. 0-0 Ne4 13. Qc2 Nxd4 14. Nxd4 Qxd4 15. Nxd5 Nf6 16. Nxf6+ Qxf6 17. Bxh7+ Kh8 18. Qe4 Be6 19. Qxb4 Kxh7 20. Bd6 Rfe8 21. Rfd1 Rac8 22. Qxb7 Rc2 23. Qxa7 Rxb2 24. Qd4 1/2-1/2

[Event "Continental Class-ch"]
[Site "Arlington"]
[Date "2010.10.08"]
[Round "3"]
[White "Kaufman, Raymond"]
[Black "De Fotis, Gary"]
[Result "1/2-1/2"]
[WhiteElo "2307"]
[BlackElo "2075"]
[PlyCount "67"]
[EventDate "2010.10.07"]
[EventType "swiss"]
[EventRounds "9"]
[EventCountry "USA"]
[SourceTitle "CBM 138 Extra"]
[Source "ChessBase"]
[SourceDate "2010.10.29"]
[SourceVersion "1"]
[SourceVersionDate "2010.10.29"]
[SourceQuality "1"]

1. Nf3 Nf6 2. c4 c5 3. g3 g6 4. Bg2 Bg7 5. 0-0 0-0 6. d4 cxd4 7. Nxd4 Nc6 8. Nc2 d6 9. Nc3 Be6 10. b3 a6 11. a4 Rb8 12. Rb1 Qd7 13. e4 Rfc8 14. Qe2 Na5 15. Ne3 Ng4 16. Ncd5 b5 17. axb5 axb5 18. cxb5 Nxe3 19. Bxe3 Bxd5 20. exd5 Qxb5 21. Qxb5 Rxb5 22. Rfc1 Rxc1+ 23. Rxc1 f5 24. Bf1 Rxb3 25. Rc8+ Kf7 26. Ra8 Nb7 27. Ra7 Be5 28. Kg2 Kf6 29. h4 Kf7 30. Ba6 Nd8 31. Ra8 Nb7 32. Ra7 Nd8 33. Ra8 Nb7 34. Ra7 1/2-1/2

[Event "World op 26th"]
[Site "Philadelphia"]
[Date "1998.07.01"]
[Round "5"]
[White "De Fotis, Gary"]
[Black "Charbonneau, Pascal"]
[Result "0-1"]
[WhiteElo "2380"]
[BlackElo "2235"]
[PlyCount "72"]
[EventDate "1998.06.27"]
[EventType "swiss"]
[EventRounds "9"]
[EventCountry "USA"]
[SourceTitle "EXT 1999"]
[Source "ChessBase"]
[SourceDate "1998.11.16"]
[SourceVersion "1"]
[SourceVersionDate "1998.11.16"]
[SourceQuality "1"]

1. d4 d5 2. c4 dxc4 3. Nf3 Nf6 4. e3 e6 5. Bxc4 c5 6. 0-0 a6 7. a4 Nc6 8. Qe2 cxd4 9. Rd1 Be7 10. exd4 0-0 11. Nc3 Nd5 12. Ne4 b6 13. Bd3 Ra7 14. Neg5 g6 15. h4 Bf6 16. Bb1 Rc7 17. Be4 Ncb4 18. Ne5 Bg7 19. Ra3 Nf6 20. Bb1 Nbd5 21. h5 Nxh5 22. Nxh7 Rxc1 23. Rxc1 Ndf4 24. Qc2 Kxh7 25. Nf3 Bb7 26. g3 Nh3+ 27. Kh2 Ng5 28. Nh4 Qf6 29. f3 Rc8 30. Qd2 Rxc1 31. Qxc1 Nxf3+ 32. Nxf3 Bxf3 33. Qf1 Bd5 34. Qe2 Qg5 35. Rc3 Nf6 36. Rc7 Ng4+ 0-1

[Event "World op 26th"]
[Site "Philadelphia"]
[Date "1998.06.29"]
[Round "3"]
[White "De Fotis, Gary"]
[Black "Ardaman, Miles"]
[Result "0-1"]
[WhiteElo "2380"]
[BlackElo "2350"]
[PlyCount "60"]
[EventDate "1998.06.27"]
[EventType "swiss"]
[EventRounds "9"]
[EventCountry "USA"]
[SourceTitle "EXT 1999"]
[Source "ChessBase"]
[SourceDate "1998.11.16"]
[SourceVersion "1"]
[SourceVersionDate "1998.11.16"]
[SourceQuality "1"]

1. d4 c5 2. d5 f5 3. c4 g6 4. Nc3 Bg7 5. g3 d6 6. Bg2 Bxc3+ 7. bxc3 Qa5 8. Qd3 Nd7 9. Nf3 Ngf6 10. 0-0 Ne4 11. Bd2 Qa4 12. Bf4 Nb6 13. Ng5 Nxg5 14. Bxg5 h6 15. Bc1 Bd7 16. e4 Qxc4 17. Qe3 Rh7 18. Rd1 Qa4 19. Re1 0-0-0 20. f4 fxe4 21. Bxe4 Rg7 22. Qd3 Rdg8 23. h4 Kd8 24. a3 Bf5 25. Rb1 Kc7 26. Kh2 Qc4 27. Bxf5 gxf5 28. Qxf5 Rxg3 29. Rxe7+ Kb8 30. Be3 Qe2+ 0-1

[Event "World op 25th"]
[Site "Philadelphia"]
[Date "1997.??.??"]
[Round "1"]
[White "Ivanov, Alexander"]
[Black "De Fotis, Gary"]
[Result "1-0"]
[WhiteElo "2565"]
[BlackElo "2390"]
[PlyCount "45"]
[EventDate "1997.06.28"]
[EventType "swiss"]
[EventRounds "9"]
[EventCountry "USA"]
[SourceTitle "EXT 2000"]
[Source "ChessBase"]
[SourceDate "1999.11.16"]
[SourceVersion "1"]
[SourceVersionDate "1999.11.16"]
[SourceQuality "1"]

1. e4 c5 2. Nf3 d6 3. d4 cxd4 4. Nxd4 Nf6 5. Nc3 a6 6. g3 e5 7. Nde2 b5 8. Bg5 Bb7 9. Bxf6 Qxf6 10. Nd5 Bxd5 11. Qxd5 Ra7 12. Nc3 Be7 13. Qd3 0-0 14. Nd5 Qh6 15. Bg2 Nc6 16. 0-0 Rc8 17. c3 Na5 18. a4 bxa4 19. Rxa4 Bd8 20. Rfa1 Nb3 21. Rxa6 Nc5 22. Qb5 Re7 23. b4 1-0

[Event "World op 24th"]
[Site "Philadelphia"]
[Date "1996.??.??"]
[Round "?"]
[White "De Fotis, Gary"]
[Black "Ivanov, Alexander"]
[Result "1/2-1/2"]
[WhiteElo "2300"]
[BlackElo "2525"]
[PlyCount "86"]
[EventDate "1996.06.29"]
[EventType "swiss"]
[EventRounds "9"]
[EventCountry "USA"]
[SourceTitle "EXT 2001"]
[Source "ChessBase"]
[SourceDate "2000.11.22"]
[SourceVersion "1"]
[SourceVersionDate "2000.11.22"]
[SourceQuality "1"]

1. d4 g6 2. c4 Bg7 3. Nf3 c5 4. Nc3 cxd4 5. Nxd4 Nc6 6. Nb3 b6 7. e4 Bxc3+ 8. bxc3 Ba6 9. Be3 Nf6 10. f3 d6 11. Bd4 e6 12. Be2 0-0 13. 0-0 Nd7 14. f4 e5 15. Be3 exf4 16. Bxf4 Nde5 17. Nd4 Na5 18. Nb5 Nexc4 19. Qa4 Bxb5 20. Qxb5 Rc8 21. Rad1 Re8 22. Bg5 Qc7 23. Rd4 Re5 24. Rd5 Rxe4 25. Bf3 Re5 26. Rfd1 Rxd5 27. Bxd5 Ne5 28. Qf1 Nac6 29. Qf6 Ng4 30. Qf4 Nce5 31. h3 h6 32. Bf6 Qc5+ 33. Rd4 g5 34. Bxg5 hxg5 35. Qxg5+ Kf8 36. hxg4 Qxc3 37. Qh6+ Ke7 38. Qg5+ Kd7 39. Qf5+ Kc7 40. Rc4+ Nxc4 41. Qxf7+ Kd8 42. Qf8+ Kd7 43. Qf7+ Kd8 1/2-1/2